| 000 | 00492nam a2200133Ia 4500 | ||
|---|---|---|---|
| 008 | 170516s9999 xx 000 0 und d | ||
| 245 | _aMultiparametric MR imaging in diagnosis of chronic prostatitis and its differentiation from prostate cancer | ||
| 260 | _bRadiology of Infectious Diseases | ||
| 260 | _c2015 | ||
| 300 | _a: | ||
| 650 | _xRadiologic Technology | ||
| 650 | _xRadtech | ||
| 856 | _uhttps://www.journals.elsevier.com/radiology-of-infectious-diseases/most-downloaded-articles | ||
| 999 |
_c332652 _d332652 |
||